000 00662cab a2200229 4500
001 ABS55091
008 090401t1996 xxu||||| |||| 00| 0 eng d
035 _a(Sirsi) u14125
041 _aeng
100 _aLees, K.
245 _aWasted resources - a taxing problem
260 _c1996
350 _a0
490 _aHousing and Planning Review
_v51(2) April and May 1996, 19-20(2)
520 _aArgues for a Resource Based Tax (RBT) rather than tax on income and explains how this would affect land values.
650 _aINCOME TAX
650 _aLAND VALUES
650 _aRESOURCE BASED TAX
690 _aTAXATION
942 _n0
948 _c04/03/1997
999 _c9167
_d9167